000 00876nas a2200241 4500
001 BR7601075
003 BR-BrBNA
005 20231205082923.0
007 ta
008 230509b bl.|||p| |||| 00| 00por d
040 _aBR-BrBNA
_bpor
_cBiblioteca Nacional de Agricultura
041 _a(Pt)
072 _aF40; F70
100 1 _aAnderson, A.B.
100 1 _aPrance, G.T.
100 1 _aAlbuquerque, B.W.P. de
245 1 _aEstudos sobre a vegetacao das Campinas Amazonicas, 3: A vegetacao lenhosa da Campina da Reserva Biologica INPA - SUFRAMA (Manaus - Caracarai, KM 62)[Brasil; Instituto Nacional de Pesquisas da Amazonia; Superintendencia da Zona Franca de Manaus]
650 _aAMAZONIA
650 _aVEGETACAO
773 0 _tActa Amazonica (Brazil)
_x
_g(Dec 1975), v. 5(3) p. 225-246
_wBR7601075
909 _a202311
_bLúcia
_c55
_dLúcia Elande
942 _2AGRIS
_n0
_cANA
999 _c95112
_d95112